Responses for Show #2544 - Thursday, September 28, 1995

Linda Roberts game 4.

Contestants

[<< previous game]

John Dowling, an editor from Chicago, Illinois

Ray Fastiggi, a publisher from Mamaroneck, New York

Linda Roberts, a registered nurse from Houston, Texas (whose 3-day cash winnings total $41,003)

[next game >>]

Jeopardy! Round responses

THE 1990s
WORD ORIGINS
PREGNANCY & CHILDCARE
THE SWORD
INDIA
STONE
(Alex: The STONE has to do with Sharon Stone.)
    $100 11
Fidel Castro

Linda
    $100 6
Hawaiian

Ray
    $100 1
(German) measles

Linda
    $100 16
the pen

Ray
    $100 20
the sitar

Ray
    $100 17
Woody Allen

Ray
    $200 12
John Major

Ray
    $200 7
sanitarium

Linda
    $200 2
a fetus

Ray
    $200 27
a knight

Linda
    $200 23
Bhopal

Linda
    $200 18
The Specialist

Linda
    $300 13
(Ray: What is Ho Chi Minh City?)

Hanoi

LindaRay
    $300 8
larder

Linda
    $300 3
nicotine

Linda
    $300 28
a samurai

Linda
    $300 24
(Jawaharlal) Nehru

John
    $300 19
Police Academy

John
    $400 14
Italy

Linda
    $400 9
spinach

Linda
    $400 4
(Ray: What is the amniotic fluid?)
(John: What is the placenta?)

the amniotic sac

LindaRayJohn
    $400 29
Scotland

Linda
    $300 25
Bombay

John
    $400 21
(John: What is Terminal Man?)

Total Recall

LindaJohn
    $500 15
Pensacola

John
    $500 10
wine

Linda
    $500 5
stretch marks

Linda
    $500 30
Damocles

Linda
    $500 26
Vasco da Gama

Linda
    $500 22
Basic Instinct

Linda

Scores at the first commercial break (after clue 15):

Linda Ray John
$3,500 -$200 $100

Scores at the end of the Jeopardy! Round:

Linda Ray John
$6,700 $100 $600

Double Jeopardy! Round responses

HISTORIC THOMASES
CARTOONISTS
U.S. GEOGRAPHY
FAMOUS WOMEN
BIOGRAPHIES
WE'RE NO. 2
    $200 6
Thomas Paine

Linda
    $200 1
Charles Schulz

Ray
    $200 15
the Black Hills

Ray
    $200 11
Sandra Day O'Connor

John
    $200 21
Mark Twain

Ray
    $200 26
Venus

John
    $400 7
Thomas à Becket

Linda
    $400 2
Garry Trudeau

Linda
    $400 16
Lake Tahoe

Ray
    $400 17
(John: What is Athens?)

Sparta

LindaJohn
    $400 22
(Norman) Schwarzkopf

Ray
    $400 27
the Amazon

John
    $600 8
Thomas Edison

Linda
    $2,000 3
Charles Addams

Linda
    $600 14
Mount McKinley

Ray
    $600 18
the English Channel

Linda
    $600 25
Nicole Brown

Linda
    $600 28
the antelope

Linda
    $800 9
Sir Thomas More

Linda
    $800 4
Walt Kelly

Ray
    $800 13
Mobile

Linda
    $800 19
Colette

Ray
    $800 24
MacArthur

Linda
    $800 29
John F. Kennedy

Linda
    $3,000 10
(Linda: Who is Thomas Jefferson?)

Thomas Woodrow Wilson

Linda
    $1000 5
Rube Goldberg

Ray
    $1000 12
the Mohawk River

Triple Stumper
    $1000 20
(Ray: Who is Wagner?)

Clara Schumann

Ray
Triple Stumper
    $1000 23
(Franz) Kafka

Linda
    $1000 30
(Ed) White

Ray

Scores at the end of the Double Jeopardy! Round:

Linda Ray John
$13,700 $4,700 $1,000
(lock game)

[wagering suggestions for these scores]

Final Jeopardy! Round responses

THE OLYMPICS
JohnWhat is Sydney Australia
$990
RayWhat is Atlanta?
$2,699
LindaWhat is Athens?
$4,299
Sydney, Australia

Final scores:

Linda Ray John
$9,401 $2,001 $1,990
4-day champion: $50,404 2nd place: Kingsdown sleep set & down comforter from Pacific Coast + Jeopardy! Sports edition 3rd place: Amana dishwasher + Jeopardy! Sports edition

Game dynamics:

Coryat scores:

Linda Ray John
$15,300 $4,700 $1,100
34 R
(including 1 DD),
1 W
(including 1 DD)
16 R,
3 W
7 R
(including 1 DD),
3 W

Combined Coryat: $21,100

[game clues] [game scores] [suggest correction]

Game tape date: Unknown
The J! Archive is created by fans, for fans. Scraping, republication, monetization, and malicious use prohibited; this site may use cookies and collect identifying information. See terms. The Jeopardy! game show and all elements thereof, including but not limited to copyright and trademark thereto, are the property of Jeopardy Productions, Inc. and are protected under law. This website is not affiliated with, sponsored by, or operated by Jeopardy Productions, Inc. Join the discussion at JBoard.tv.